Statistics for Arsenal scorers in Premier League 2015-2016

Click here to take the quiz!

General Stats

  • This quiz has been taken 324 times
    (258 since last reset)
  • The average score is 10 of 13

Answer Stats

PlayerGoals% Correct
Olivier Giroud16
98%
Alexis Sanchez13
97%
Mesut Özil6
94%
Theo Walcott5
90%
Aaron Ramsey5
89%
Laurent Koscielny4
86%
Hector Bellerin1
85%
Alex Oxlade-Chamberlain1
77%
Danny Welbeck4
69%
Kieran Gibbs1
63%
Alex Iwobi2
57%
Joel Campbell3
35%
Gabriel Paulista1
20%

Score Distribution

Percentile by Number Answered

Percent of People with Each Score

Your Score History

You have not taken this quiz since the last reset